[Event "Negombo op 2nd"]
[Site "Negombo"]
[Date "2016.08.13"]
[Round "2"]
[White "Sandeepa, H Niruksha Akshith"]
[Black "Pathmanathan, T."]
[Result "1-0"]
[WhiteElo "1746"]
[BlackElo "1104"]
[PlyCount "25"]
[EventDate "2016.08.13"]
[EventType "swiss"]
[EventRounds "9"]
[EventCountry "SRI"]
[SourceTitle "EXT 2019"]
[Source "ChessBase"]
[SourceDate "2018.10.10"]
[SourceVersion "1"]
[SourceVersionDate "2018.10.10"]
[SourceQuality "1"]

1. d4 d5 2. Nf3 Bf5 3. c4 Nf6 4. cxd5 Nxd5 5. Nc3 e6 6. Qb3 Nb4 7. e4 Bg4 8. Ne5 Bh5 9. Be3 b6 10. a3 N4c6 11. Bb5 Qd6 12. Qa4 Qd8 13. Nxc6 1-0